000 00404nam a22001457a 4500
082 _a625.7
_bMIL
_cL-14, P-53
110 _aMES
_942263
245 _aMilitary engineering services handbook
_bvolume 3 roads
_cMES
250 _a6th ed.
260 _aRawalpindi:
_bMES,
_c1962.
300 _ax; various pages.
_bill;
526 _a0
_b0
_c0
_d625_700000000000000_MIL
650 _aMCE
_9379
942 _2ddc
_cBK
999 _c547443
_d547443